000 00240nam a22001097a 4500
020 _a0131917730
100 _aCarole Wade &Carole Tavris
245 _aPschology
250 _a7th ed
260 _aU.S.A
_bPrentice Hall
_c2005
942 _cBK
999 _c251263
_d251263